000 00619nam a22002417a 4500
003 UA-OsUOA
001 23710
007 ta
008 20040128b un ||||| |||| 00| 0 ukr d
100 _aБерч Гербарт
090 _a32
_bБ52
942 _cBK
040 _aUA-OsUOA
_brus
_cUA-OsUOA
_dUA-OsUOA
245 _aХДС/ХСС без маски
_cГербарт Берч
300 _a540 с.
955 _a0
041 _arus
080 _a32
260 _aМосква
_bИздательство иностранной литературы
_c1963
044 _aRU
650 7 _2UDC
999 _c309966
_d309966